000 00290nam a22001097a 4500
040 _cSK
082 _a628
100 _aព្រំ ដន
245 _aAnimal waste management; គ្រប់គ្រងកាកសំណល់សត្វ
260 _aRUA
_bព្រំ
_cNA
942 _cEK
999 _c9476
_d9476